000 00552nam a22002057a 4500
003 OSt
005 20140310183129.0
008 130531t xxu||||| |||| 00| 0 eng d
020 _a9789715847049
050 _aGE 70
_b.An543 2008
082 _aFIL 363.7
_bA543 2008
245 _aUnderstanding the earth through environmental science
_cAndaya, Cynthia V.
260 _aManila
_bC & E Publishing
_c2008
300 _a236 p.
_c25 cm.
521 _aCollege
526 _c1210L-1700L
541 _j1
562 _e1
942 _2lcc
_cBK
_kFIL
999 _c19097
_d19097